Statistiken für Batman Arkham Quiz

Klicken Sie hier um das Quiz zu spielen!

Allgemein

  • Dieses Quiz wurde 16 mal gespielt
  • Das Durchschnittsergebnis liegt bei 18 aus 49

Antwortstatistiken

HintAntwort% Korrekt
Wer ist der Hauptgegner in Arkham Originis?Black Mask/ Der Joker
100%
Wer ist der Hauptgegner in Arkham Asylum?Der Joker
100%
Wer ist der Hauptgegner in Arkham City?Der Joker
100%
Wie viele Stufen hat Riddlers Halsband für Catwoman?10
82%
Wie viele Attentäter sind in Arkham Origins auf Batman angesetzt?8
82%
Wie viele Gadgets hat Batman in Arkham Knight12
73%
Wie viele Menschen in Arkham Knight sind mit dem Joker-Blut infiziert?5
73%
Welches der vier Spiele hat die höchste Steam-Bewertung?Arkham Asylum
64%
In welchem der Spiele taucht ein lebendiger Hai auf?Arkham City
64%
Wer ist der Hauptgegner in Arkham Knight?Scarecrow
64%
Wann ist Batman Arkham Asylum erschienen?2009
55%
In welchem der Spiele schneit es?Arkham Origins
45%
Durch was wird Bane in Arkham Asylum letztlich besiegt?Batmobil
45%
Wofür steht GCPD?Gotham City Police Department
45%
Wie ist der bürgerliche Name des Arkham Knight?Jason Todd
45%
Wo ist Oracles Arbeitsplatz in Arkham Knight?Uhrenturm
45%
Wie heißt die Droge die Bane starl macht?Venom
45%
Lied von Johnny Charimsa bzw. dem Joker? ___ ______ jetzt zuletzt?Wer lacht
45%
Wie heißt Batmans ikonische Wurfwaffe?Batarang
36%
Mit wem ist Batman in Arkham Origins verfeindet, während sie in den anderen Teilen befreundet sind?Jim Gordon
36%
Wer lebt im Asylum in einer Art Kanalisation?Killer Croc
36%
Wie heißt Batmans Waffenentwickler?Lucius Fox
36%
Wer wurde zum Schurken, um seine Frau zu retten?Mr. Freeze
36%
Wie heißt Alfred mit Nachnamen?Pennyworth
36%
Wie viele Riddler Trophäen kann man in Arkham Knight sammeln?243
27%
Wer ist der Namensgeber des Asylums?Amadeus Arkham
27%
Womit kann man in Arkham Origins Schnellreisen?Batwing
27%
Wie nennt sich der ehemalige Robin der mit Elektrostäben kämpft?Nightwing
27%
Wie nennt sich der Arkham Knight, in seiner Rolle als Antiheld?Redhood
27%
Wie heißt die Reporterin, deren Helikopter abgeschossen wird?Vicki Vale
27%
Wie heißt der Polizist mit einem Haken?Aaron Cash
18%
Wo spielt das Finale von Arkham Knight?Asylum
18%
Wer gibt sich in Arkham City häufig als der Joker aus?Clayface
18%
Solomon Grundy,
Geboren an einem Montag,
______ am Dienstag,
Verheiratet am Mittwoch,
Krank geworden am Donnerstag,
Schlimmer noch am Freitag,
Gestorben am Samstag,
Begraben am Sonntag,
Das war das Ende,
Von Solomon Grundy.
Getauft
18%
Wer spricht den Anfang und das Ende von Arkham Knight?Jim Gordon
18%
Wie heißt der Leiter des Asylums?Quincy Sharp
18%
Nenne eine Bodendrone und eine fliegende Drone aus Arkham KnightRattler/ Twin Rattler/ Diamondback/ Mamba/ Cobra
18%
Wie heißt der milliardenschwere Philanthrop dessen Luftschiffe über der Stadt fliegen?Simon Stagg
18%
Wie heißen die Truppen von Hugo Strange?TYGER Wachen
18%
Welcher Gegner meldet sich über öffentliche Telefone?Victor Zsasz
18%
Was hinerlässt Harley Quinn an manchen Orten?Ballon/ Springteufel
9%
Boa/ Serpent/ Dragon
9%
Wer wird fast von Blackfire geopfert?Jack Ryder
9%
Der GCPD Commissioner vor Gordon hieß Gillian B. ____?Loeb
9%
Welchen Verbündeten lernt Batman im Asylum kennen?Oracle/ Barbara Gordon
9%
Wo kämpft man in Arkham Origins gegen Deathstroke?Schiff/ Final Offer
9%
Was wird in der Black Masks Fabrik hergestellt, die man in Arkham City besucht?Stahl
9%
Von welchem Gebäude fallend bringt sich Ra's Al Ghul selbst um?Wonder Tower
9%
Wie heißt Azreals Orden?St. Dumas
0%

Verteilung der Resultate

Perzentil nach korrekt beantworteten Fragen

Anzahl Personen mit jedem Resultat

Ihre Resultats-Entwicklung

Sie haben dieses Quiz noch nicht gespielt